Welcome to CU Library Online Public Access Catalogue (OPAC)

Power in the pulpit : (Record no. 6059)

MARC details
000 -LEADER
fixed length control field 00874cam a2200229 a 4500
001 - CONTROL NUMBER
control field 11978367
005 - DATE AND TIME OF LATEST TRANSACTION
control field 20250530114302.0
008 - FIXED-LENGTH DATA ELEMENTS--GENERAL INFORMATION
fixed length control field 000418s1999 ilu b 001 0 eng
020 ## - INTERNATIONAL STANDARD BOOK NUMBER
International Standard Book Number 0802477402
050 00 - LIBRARY OF CONGRESS CALL NUMBER
Classification number BV4211.2
Item number .P55 1999
082 00 - DEWEY DECIMAL CLASSIFICATION NUMBER
Classification number 251
Edition information 21
100 1# - MAIN ENTRY--PERSONAL NAME
Personal name Vines, Jerry.
245 10 - TITLE STATEMENT
Title Power in the pulpit :
Remainder of title how to prepare and deliver expository sermons /
Statement of responsibility, etc. Jerry Vines and Jim Shaddix.
260 ## - PUBLICATION, DISTRIBUTION, ETC.
Place of publication, distribution, etc. Chicago :
Name of publisher, distributor, etc. Moody Press,
Date of publication, distribution, etc. c1999.
300 ## - PHYSICAL DESCRIPTION
Extent 391 p. ;
Dimensions 24 cm.
650 #0 - SUBJECT ADDED ENTRY--TOPICAL TERM
Topical term or geographic name entry element Preaching.
700 1# - ADDED ENTRY--PERSONAL NAME
Personal name Shaddix, Jim.
856 42 - ELECTRONIC LOCATION AND ACCESS
Materials specified Publisher description
Uniform Resource Identifier <a href="http://www.loc.gov/catdir/enhancements/fy0611/00687767-d.html">http://www.loc.gov/catdir/enhancements/fy0611/00687767-d.html</a>
856 42 - ELECTRONIC LOCATION AND ACCESS
Materials specified Contributor biographical information
Uniform Resource Identifier <a href="http://www.loc.gov/catdir/enhancements/fy0658/00687767-b.html">http://www.loc.gov/catdir/enhancements/fy0658/00687767-b.html</a>
856 41 - ELECTRONIC LOCATION AND ACCESS
Materials specified Table of contents only
Uniform Resource Identifier <a href="http://www.loc.gov/catdir/enhancements/fy1210/00687767-t.html">http://www.loc.gov/catdir/enhancements/fy1210/00687767-t.html</a>
942 ## - ADDED ENTRY ELEMENTS (KOHA)
Source of classification or shelving scheme Library of Congress Classification
Koha item type Books
Suppress in OPAC No
999 ## -
-- 6059
-- 6059
Holdings
Withdrawn status Lost status Source of classification or shelving scheme Damaged status Not for loan Collection Home library Current library Shelving location Date acquired Total checkouts Full call number Barcode Date last seen Copy number Price effective from Koha item type
    Library of Congress Classification     Non-fiction Undergraduate Library (Christ Temple) Undergraduate Library (Christ Temple) General stacks 05/30/2025   BV 4211 VIN ulct00002751 05/30/2025 1 05/30/2025 Books
    Library of Congress Classification     Non-fiction Undergraduate Library (Christ Temple) Undergraduate Library (Christ Temple) General stacks 05/30/2025   BV 4211.2 VIN ulct00002752 05/30/2025   05/30/2025 Books
© 2023-2024 Copyright: Central University Libraries. All Rights Reserved | Created by: Mahone Tech Office